000 01094nam a22001577a 4500
008 100627t xxu||||| |||| 00| 0 eng d
082 _222
_a320.956
_bأ ن ص
245 _aالفكر العربي وصراع الأضداد :
_bكيف احتوت التوفيقية الصراع المحظور بين الأصولية والعلمانية والحسم المؤجل بين الإسلام والغرب: تشخيص حالة اللاحسم في الحياة العربية والاحتواء التوفيقي للجدليات المحظورة /
_cمحمد جابر الأنصاري
250 _aط 2
260 _aبيروت:
_bالمؤسسة العربية للدراسات والنشر ، 1999
_c1999
300 _a671 ص ؛
_c24 سم
651 _913700
_aالعالم العربي
_xالأحوال السياسية
651 _915242
_aالعالم العربي
_xالأحوال الثقافية
942 _2ddc
_cBB
999 _c14231
_d14231